[Event "Olympiad-44"]
[Site "Chennai"]
[Date "2022.07.29"]
[Round "1.3"]
[White "Krysa, Leandro Sergio"]
[Black "Mirulla, David"]
[Result "1-0"]
[WhiteElo "2515"]
[BlackElo "1953"]
[PlyCount "107"]
[EventDate "2022.07.29"]
[EventType "team-swiss"]
[EventRounds "11"]
[EventCountry "IND"]
[SourceTitle "CBM 210"]
[Source "ChessBase"]
[SourceDate "2022.10.31"]
[SourceVersion "1"]
[SourceVersionDate "2022.10.31"]
[SourceQuality "1"]
[WhiteTeam "Argentina"]
[BlackTeam "Kap Verde"]
[WhiteTeamCountry "ARG"]
[BlackTeamCountry "KAP"]

1. d4 Nf6 2. c4 g6 3. Nc3 Bg7 4. e4 d6 5. h3 0-0 6. Be3 e5 7. d5 a5 8. g4 Na6 9. Qd2 Nc5 10. f3 Ne8 11. h4 f5 12. g5 f4 13. Bf2 Rf7 14. Bh3 Bf8 15. 0-0-0 Ng7 16. Kb1 b6 17. Bxc8 Rxc8 18. Nh3 Nh5 19. Bg1 Nd7 20. Bh2 Be7 21. Nb5 Nc5 22. Qg2 Qd7 23. Nf2 Rcf8 24. Ng4 Bd8 25. Nh6+ Kg7 26. Nxf7 Rxf7 27. Rhe1 Kh8 28. Bg1 Nb7 29. Bf2 Ng7 30. Rg1 Nh5 31. Qg4 Kg8 32. Qxd7 Rxd7 33. b3 Kf7 34. a3 Ng7 35. b4 Be7 36. Kc2 Ne8 37. Be1 Rd8 38. bxa5 bxa5 39. Rb1 a4 40. Nc3 Na5 41. Rb4 Nb3 42. Bf2 Nd4+ 43. Bxd4 exd4 44. Nb5 Ra8 45. Nxd4 Ng7 46. Rb7 Bd8 47. Nc6 Ke8 48. Rgb1 Ra6 49. Rb8 Rxc6 50. dxc6 Ne6 51. Kd3 Kf7 52. R1b5 Be7 53. Ra8 Nd8 54. Rxd8 1-0

[Event "CPV-ch"]
[Site "Mindelo"]
[Date "2021.11.16"]
[Round "2"]
[White "Monteiro, Antonio David Cabra"]
[Black "Mirulla, David"]
[Result "0-1"]
[WhiteElo "1795"]
[BlackElo "1946"]
[PlyCount "160"]
[EventDate "2021.11.15"]
[EventType "tourn"]
[EventRounds "9"]
[EventCountry "KAP"]
[SourceTitle "CBM 205 Extra"]
[Source "ChessBase"]
[SourceDate "2022.01.31"]
[SourceVersion "1"]
[SourceVersionDate "2022.01.31"]
[SourceQuality "1"]

1. e4 e5 2. Nf3 Nc6 3. Bb5 a6 4. Ba4 Nf6 5. d3 b5 6. Bb3 Bc5 7. 0-0 d6 8. c3 Bg4 9. h3 Be6 10. Bxe6 fxe6 11. b4 Bb6 12. Qb3 Qd7 13. Be3 Bxe3 14. fxe3 0-0 15. Nbd2 d5 16. a4 Rae8 17. axb5 axb5 18. Qc2 dxe4 19. dxe4 Rd8 20. Rfe1 Qd3 21. Qb3 Rd6 22. Ng5 Re8 23. Rad1 h6 24. Ngf3 Nxe4 25. Nxe4 Qxe4 26. Rxd6 cxd6 27. Qd1 Qd5 28. Qxd5 exd5 29. Ra1 Kf7 30. Ra6 Rc8 31. Rb6 Ke6 32. Rxb5 Ne7 33. g4 Rxc3 34. Kf2 Rc2+ 35. Kf1 Rb2 36. Rb7 g6 37. b5 h5 38. gxh5 gxh5 39. b6 Kf6 40. Rb8 Nf5 41. b7 Nxe3+ 42. Kg1 Kg7 43. h4 Nf5 44. Ng5 Nxh4 45. Ne6+ Kf6 46. Rf8+ Kxe6 47. b8Q Rxb8 48. Rxb8 Nf3+ 49. Kf2 e4 50. Ke3 h4 51. Kf4 h3 52. Rh8 h2 53. Rh6+ Kd7 54. Kg3 Kc6 55. Kf4 Kc5 56. Ke3 Kc4 57. Rh8 Kc3 58. Rc8+ Kb2 59. Rb8+ Kc1 60. Rc8+ Kd1 61. Ra8 Kc2 62. Rc8+ Kb3 63. Rb8+ Kc4 64. Rc8+ Kb5 65. Rb8+ Kc6 66. Rh8 Kd7 67. Rh7+ Ke6 68. Kf4 Kf6 69. Rh8 Kg7 70. Rh5 Kf6 71. Rh8 Ke6 72. Rh6+ Kd7 73. Rh7+ Kc6 74. Rh8 Kc5 75. Rc8+ Kd4 76. Rh8 Kd3 77. Rh5 d4 78. Rh8 d5 79. Rh3 Ke2 80. Rh8 d3 0-1

[Event "Online Olym Div3 B"]
[Site "Chess.com INT"]
[Date "2021.08.28"]
[Round "5.2"]
[White "Irungu, Brian Mwangi"]
[Black "Mirulla, David"]
[Result "1-0"]
[WhiteElo "1374"]
[BlackElo "1956"]
[PlyCount "85"]
[EventDate "2021.08.27"]
[EventType "team-tourn (rapid)"]
[EventRounds "9"]
[EventCountry "USA"]
[SourceTitle "CBM 204 Extra"]
[Source "ChessBase"]
[SourceDate "2021.11.30"]
[SourceVersion "1"]
[SourceVersionDate "2021.11.30"]
[SourceQuality "1"]
[WhiteTeam "Kenya"]
[BlackTeam "Kap Verde"]
[WhiteTeamCountry "KEN"]
[BlackTeamCountry "KAP"]

1. e4 e5 2. Nf3 Nc6 3. Bb5 a6 4. Ba4 Nf6 5. 0-0 b5 6. Bb3 Be7 7. Re1 0-0 8. d3 d6 9. Nbd2 Na5 10. Nf1 c5 11. c3 Nxb3 12. Qxb3 Be6 13. Qd1 Re8 14. Ng3 h6 15. d4 Qc7 16. h3 Rad8 17. d5 Bc8 18. Bd2 Bf8 19. a4 Kh7 20. Qb3 bxa4 21. Rxa4 g6 22. Qc4 Nd7 23. Qd3 Nb6 24. Ra2 Bg7 25. Rea1 c4 26. Qc2 Nd7 27. Be3 Rf8 28. Ra4 Nc5 29. Rxc4 Qe7 30. b4 Nxe4 31. Nxe4 f5 32. Ned2 e4 33. Nh2 f4 34. Bb6 Rde8 35. Rxe4 Qb7 36. Rxe8 Rxe8 37. Ba5 Bf5 38. Qb3 Qe7 39. Nhf3 Bd3 40. Re1 Qxe1+ 41. Nxe1 Rxe1+ 42. Kh2 Rb1 43. Nxb1 1-0

[Event "Online Olym Div3 B"]
[Site "Chess.com INT"]
[Date "2021.08.27"]
[Round "1.4"]
[White "Jessel, Stephen"]
[Black "Mirulla, David"]
[Result "1-0"]
[WhiteElo "2297"]
[BlackElo "1956"]
[PlyCount "61"]
[EventDate "2021.08.27"]
[EventType "team-tourn (rapid)"]
[EventRounds "9"]
[EventCountry "USA"]
[SourceTitle "CBM 204 Extra"]
[Source "ChessBase"]
[SourceDate "2021.11.30"]
[SourceVersion "1"]
[SourceVersionDate "2021.11.30"]
[SourceQuality "1"]
[WhiteTeam "Ireland"]
[BlackTeam "Kap Verde"]
[WhiteTeamCountry "IRL"]
[BlackTeamCountry "KAP"]

1. Nf3 Nf6 2. c4 g6 3. b4 Bg7 4. Bb2 0-0 5. g3 d6 6. Bg2 a5 7. b5 e5 8. 0-0 Nbd7 9. d3 Nc5 10. Nc3 Rb8 11. Nd2 b6 12. Ba3 Nfd7 13. Rc1 Bb7 14. Bxc5 Bxg2 15. Kxg2 Nxc5 16. Nde4 Ne6 17. Nd5 f5 18. Nec3 Bh6 19. e3 f4 20. Qg4 f3+ 21. Kh1 Ng5 22. h4 Nf7 23. Ne4 Bg7 24. Qxf3 Ng5 25. Qg4 Nf3 26. Kg2 Rf7 27. Rh1 Qf8 28. Rcf1 Kh8 29. h5 gxh5 30. Rxh5 h6 31. Qg6 1-0

[Event "Online Olym Div4 D"]
[Site "Chess.com INT"]
[Date "2021.08.22"]
[Round "10.1"]
[White "Panchoe, Pratul"]
[Black "Mirulla, David"]
[Result "1-0"]
[WhiteElo "1837"]
[BlackElo "1956"]
[PlyCount "73"]
[EventDate "2021.08.20"]
[EventType "team (rapid)"]
[EventRounds "11"]
[EventCountry "USA"]
[SourceTitle "CBM 203 Extra"]
[Source "ChessBase"]
[SourceDate "2021.09.30"]
[SourceVersion "1"]
[SourceVersionDate "2021.09.30"]
[SourceQuality "1"]
[WhiteTeam "Surinam"]
[BlackTeam "Kap Verde"]
[WhiteTeamCountry "SUR"]
[BlackTeamCountry "KAP"]

1. d4 Nf6 2. Bf4 g6 3. Nf3 Bg7 4. e3 d6 5. c3 0-0 6. Nbd2 Nbd7 7. Bc4 c6 8. a4 Nb6 9. Bd3 Bg4 10. Qc2 Nh5 11. Bg3 e5 12. a5 Nd7 13. 0-0 Bxf3 14. Nxf3 Nxg3 15. hxg3 f5 16. dxe5 dxe5 17. Bc4+ Kh8 18. Rfd1 Qe7 19. Qd2 Rad8 20. Qd6 Bf6 21. Qc7 e4 22. Nd4 Be5 23. Qxb7 Rb8 24. Nxc6 Rxb7 25. Nxe7 Nf6 26. Nc6 Rc8 27. Nxe5 Rxb2 28. Rab1 Rxb1 29. Rxb1 Ne8 30. Rb3 Kg7 31. Bb5 Kf6 32. Nd7+ Ke6 33. c4 Nd6 34. Ba4 Rxc4 35. Rb8 Rxa4 36. Nc5+ Kd5 37. Nxa4 1-0

[Event "Online Olym Div4 D"]
[Site "Chess.com INT"]
[Date "2021.08.21"]
[Round "7.1"]
[White "Mirulla, David"]
[Black "Adeshole Beckley, Brian"]
[Result "1/2-1/2"]
[WhiteElo "1956"]
[BlackElo "1590"]
[PlyCount "118"]
[EventDate "2021.08.20"]
[EventType "team (rapid)"]
[EventRounds "11"]
[EventCountry "USA"]
[SourceTitle "CBM 203 Extra"]
[Source "ChessBase"]
[SourceDate "2021.09.30"]
[SourceVersion "1"]
[SourceVersionDate "2021.09.30"]
[SourceQuality "1"]
[WhiteTeam "Kap Verde"]
[BlackTeam "Sierra Leone"]
[WhiteTeamCountry "KAP"]
[BlackTeamCountry "SIE"]

1. e4 e6 2. d3 d5 3. Nd2 Nf6 4. Ngf3 Be7 5. g3 Nc6 6. Bg2 dxe4 7. dxe4 e5 8. 0-0 0-0 9. Nc4 Qxd1 10. Rxd1 Bg4 11. Re1 Bxf3 12. Bxf3 b5 13. Ne3 Nd4 14. Bg2 c6 15. c3 Ne6 16. Nf5 Bc5 17. Be3 Bxe3 18. Rxe3 c5 19. Rd3 Rad8 20. Rad1 c4 21. Ne7+ Kh8 22. Rxd8 Rxd8 23. Rxd8+ Nxd8 24. f3 g6 25. Kf2 Kg7 26. Ke3 Kf8 27. Nc8 Nc6 28. Bf1 a6 29. a4 Nd7 30. axb5 axb5 31. f4 f6 32. Be2 Nc5 33. h3 Na4 34. b3 cxb3 35. Bxb5 b2 36. Bd3 Nxc3 37. Kd2 b1Q 38. Bxb1 Nxb1+ 39. Kd3 Na3 40. Nb6 Nd4 41. fxe5 fxe5 42. Nd7+ Ke7 43. Nxe5 Ne6 44. h4 Nb5 45. Ng4 Nd6 46. Ke3 Nc5 47. Nf2 Ke6 48. Kf3 Ke5 49. Ng4+ Kd4 50. Nf6 h5 51. Nxh5 gxh5 52. g4 hxg4+ 53. Kxg4 Kxe4 54. Kg5 Ke5 55. Kg6 Ne6 56. h5 Nf4+ 57. Kg5 Nf7+ 58. Kg4 Ke4 59. h6 Nxh6+ 1/2-1/2